Statistics for Top 15 Most Popular Sports Websites

Click here to take the quiz!

General Stats

  • This quiz has been taken 42 times
    (40 since last reset)
  • The average score is 4 of 15

Answer Stats

HintAnswer% Correct
1ESPN
95%
6Fox Sports
59%
3CBS Sports
51%
11NBC Sports
44%
4Bleacher Report
36%
2Yahoo Sports
33%
5Sports Illustrated
28%
12Deadspin
15%
7SB Nation
13%
15SkySports
10%
10SportingNews
10%
13NESN
8%
9Scout
5%
14The Sports Network
5%
8YardBarker
5%

Score Distribution

Percentile by Number Answered

Percent of People with Each Score

Your Score History

You have not taken this quiz since the last reset